Grandma's Bag Of Stories (Record no. 330549)

MARC details
000 -LEADER
fixed length control field 00445nam a2200169Ia 4500
008 - FIXED-LENGTH DATA ELEMENTS--GENERAL INFORMATION
fixed length control field 230718s9999 xx 000 0 und d
020 ## - INTERNATIONAL STANDARD BOOK NUMBER
International Standard Book Number 9780143332022
041 ## - LANGUAGE CODE
Language code of text/sound track or separate title eng
082 ## - DEWEY DECIMAL CLASSIFICATION NUMBER
Classification number 813.54
Item number MUR
100 ## - MAIN ENTRY--PERSONAL NAME
Personal name Murty S.
9 (RLIN) 107554
245 ## - TITLE STATEMENT
Title Grandma's Bag Of Stories
260 ## - PUBLICATION, DISTRIBUTION, ETC. (IMPRINT)
Date of publication, distribution, etc. 2012
Name of publisher, distributor, etc. Puffin Books
300 ## - PHYSICAL DESCRIPTION
Extent 166
365 ## - TRADE PRICE
Currency code Rs.
Price amount 199.00
700 ## - ADDED ENTRY--PERSONAL NAME
Personal name Murty S.
9 (RLIN) 107554
906 ## - LOCAL DATA ELEMENT F, LDF (RLIN)
d O:0281023-Apr-2012B:1108823-Apr-2012
c GENRL
b 49.75
Holdings
Withdrawn status Lost status Source of classification or shelving scheme Damaged status Not for loan Home library Current library Date acquired Vendor Budget Code Cost, normal purchase price Bill number Total Checkouts Full call number Barcode Date last seen Date last checked out Discount Cost, replacement price Bill Date Koha item type Original Barcode
    Dewey Decimal Classification     Cummins College of Engineering for Women Pune Cummins College of Engineering for Women Pune 23/04/2012 Technical Book Services GENRL 149.25 11088 31 813.54 CCEP-BK-41756 11/05/2026 31/03/2026 49.75 199.00 23/04/2012 Books 041756